000 00460nam a2200181Ia 4500
005 20250508152459.0
008 008 250505s9999 xx 000 0 hin d
037 _aTextual
040 _aFEDL
_beng
_cFEDL
041 _ahin
_2eng
084 _a891.432, PAR
_qFEDL
100 _aPrashant
245 0 _aKishor abhinaya
260 _aDelhi, India
_bBaal Sadan
300 _a96p.
942 _cTEXL
_h891.432, PAR
999 _c1336698
_d1336698